| 000 | 00437nam a2200169 a 4500 | ||
|---|---|---|---|
| 003 | OSt | ||
| 005 | 20140311162956.0 | ||
| 008 | 030325s19uu xx 00 eng d | ||
| 050 |
_aPZ 7 _b.N4425Li 1969 |
||
| 100 |
_aNeufeld, John _930528 |
||
| 245 | _aLisa, Bright and dark /. | ||
| 260 |
_aNew York : _bNew American Library, _c1969. |
||
| 300 |
_a143 p. : _c18 cm. |
||
| 650 |
_aFiction _9746 |
||
| 942 |
_cBK-FIC _2lcc |
||
| 999 |
_c39046 _d39046 |
||